| 000 | 01000nac a22003017a 4500 | ||
|---|---|---|---|
| 001 | BR5100137 | ||
| 003 | BR-BrBNA | ||
| 005 | 20240105112858.0 | ||
| 008 | 230509b bl.|||m| |||| 00| 0 por d | ||
| 040 |
_aBR-BrBNA _bpor _cBiblioteca Nacional de Agricultura |
||
| 072 | _aF23; M30; M40 | ||
| 090 | _aF23 BR5100137 | ||
| 100 | 1 | _aSioli, H. | |
| 110 | 1 |
_aInstituto Agronomico do Norte, Belem, PA (Brasil) _95627 |
|
| 245 | 1 | _aEstudo preliminar das relacoes entre a geologia e a limnologia da zona Bragantina (Para)[Brasil] | |
| 260 | 3 |
_aBelem, PA (Brasil): _c1951. |
|
| 300 | _ap. 67-76 | ||
| 490 |
_aBoletim Tecnico do Instituto Agronomico do Norte (Brazil) _vno. 24 _x |
||
| 500 | _aSummaries (De, En, Fr); 1 Map, scale 1:200,000, 6 ref. | ||
| 650 | _aCLASSIFICACAO DO SOLO | ||
| 650 | _aGEOLOGIA | ||
| 650 | _aLIMNOLOGIA | ||
| 650 | _aBIOLOGIA AQUATICA | ||
| 650 | _aANALISE QUIMICA | ||
| 650 | _aAGUA | ||
| 909 |
_a202312 _bLúcia Elande _c55 _dLúcia Elande |
||
| 942 |
_2AGRIS _n0 _cMS |
||
| 999 |
_c260742 _d260742 |
||